00461nam a2200157Ia 4500100001600000650001200016942000700028366000700035245001900042260001600061082001500077300000800092546002300100999001700123952016300140 aElliot/Jay  aFiction cBK f20 aSteve Jobs Way bJaicoc2011 a808.8bELL a259 aENGLISHcComputers c25171d25171 001040708CRCaCRCEb428d2023-03-17eBook Service Syndicateg220.00i519 dt 28/03/2012l1o808.8 ELLp21880r2025-06-10s2025-06-05v275.00w0000-00-00yBK